| 000 | 00561nam a2200145Ia 4500 | ||
|---|---|---|---|
| 008 | 170221s9999 xx 000 0 und d | ||
| 100 | _aDaniel Acheampong | ||
| 245 | _aIndustry specific impact of simplifying deferred taxes | ||
| 245 | _cDaniel Acheampong, Florida Gulf Coast University; Adrian Valencia, Florida Gulf Coast University; Ara Volkan, Florida Gulf Coast University. | ||
| 260 | _bJournal of Management and Marketing Research | ||
| 260 | _c2012 | ||
| 300 | _a1 : 5 | ||
| 650 | _xBusiness | ||
| 856 | _uhttp://www.aabri.com/manuscripts/131485.pdf | ||
| 999 |
_c313378 _d313378 |
||